<?xml version="1.0" encoding="UTF-8"?>
<record
    xmlns:xsi="http://www.w3.org/2001/XMLSchema-instance"
    xsi:schemaLocation="http://www.loc.gov/MARC21/slim http://www.loc.gov/standards/marcxml/schema/MARC21slim.xsd"
    xmlns="http://www.loc.gov/MARC21/slim">

  <leader>01442nam a2200241Ia 4500</leader>
  <datafield tag="999" ind1=" " ind2=" ">
    <subfield code="c">35254</subfield>
    <subfield code="d">35254</subfield>
  </datafield>
  <controlfield tag="001">1102</controlfield>
  <controlfield tag="003">GE_BSU</controlfield>
  <controlfield tag="005">20220920102026.0</controlfield>
  <controlfield tag="008">181216s2003||||ge |||||||||||||| ||geo||</controlfield>
  <datafield tag="010" ind1=" " ind2=" ">
    <subfield code="a">812001065</subfield>
  </datafield>
  <datafield tag="040" ind1=" " ind2=" ">
    <subfield code="c">GE_BSU</subfield>
  </datafield>
  <datafield tag="041" ind1=" " ind2=" ">
    <subfield code="a">geo</subfield>
  </datafield>
  <datafield tag="080" ind1=" " ind2=" ">
    <subfield code="a">632.51+632.913.1 &#x10D1;&#x2013;35</subfield>
  </datafield>
  <datafield tag="100" ind1=" " ind2=" ">
    <subfield code="a">&#x10D1;&#x10E3;&#x10D0;&#x10E9;&#x10D8;&#x10EB;&#x10D4;, &#x10D9;&#x10D0;&#x10E0;&#x10DA;&#x10DD;</subfield>
    <subfield code="9">14627</subfield>
  </datafield>
  <datafield tag="245" ind1=" " ind2=" ">
    <subfield code="a">&#x10E1;&#x10D0;&#x10D9;&#x10D0;&#x10E0;&#x10D0;&#x10DC;&#x10E2;&#x10D8;&#x10DC;&#x10DD; &#x10E1;&#x10D0;&#x10E0;&#x10D4;&#x10D5;&#x10D4;&#x10DA;&#x10D0; &#x10DB;&#x10EA;&#x10D4;&#x10DC;&#x10D0;&#x10E0;&#x10D4;&#x10D4;&#x10D1;&#x10D8; &#x10D3;&#x10D0; &#x10DB;&#x10D0;&#x10D7;&#x10D7;&#x10D0;&#x10DC; &#x10D1;&#x10E0;&#x10EB;&#x10DD;&#x10DA;&#x10D8;&#x10E1; &#x10E6;&#x10DD;&#x10DC;&#x10D8;&#x10E1;&#x10EB;&#x10D8;&#x10D4;&#x10D1;&#x10D4;&#x10D1;&#x10D8; /</subfield>
    <subfield code="c">&#x10D9;&#x10D0;&#x10E0;&#x10DA;&#x10DD; &#x10D1;&#x10E3;&#x10D0;&#x10E9;&#x10D8;&#x10EB;&#x10D4;, &#x10D0;&#x10E1;&#x10DB;&#x10D0;&#x10D7; &#x10D1;&#x10E3;&#x10D0;&#x10E9;&#x10D8;&#x10EB;&#x10D4;, &#x10D7;&#x10D4;&#x10DC;&#x10D2;&#x10D8;&#x10D6; &#x10E2;&#x10D0;&#x10D1;&#x10D0;&#x10E2;&#x10D0;&#x10EB;&#x10D4; ; &#x10E1;&#x10D0;&#x10E5;.&#x10E1;&#x10D0;&#x10EE;. &#x10D0;&#x10D2;&#x10E0;&#x10D0;&#x10E0;. &#x10E3;&#x10DC;&#x10D8;&#x10D5;.-&#x10E2;&#x10D8; ; [ &#x10E0;&#x10D4;&#x10D3;.-&#x10D1;&#x10D8; : &#x10D6;. &#x10DA;&#x10D8;&#x10DE;&#x10D0;&#x10E0;&#x10E2;&#x10D8;&#x10D0;, &#x10D2;. &#x10EA;&#x10D0;&#x10D2;&#x10E3;&#x10E0;&#x10D8;&#x10E8;&#x10D5;&#x10D8;&#x10DA;&#x10D8; ; &#x10E0;&#x10D4;&#x10EA;&#x10D4;&#x10DC;.-&#x10D1;&#x10D8; : &#x10DA;. &#x10E7;&#x10D0;&#x10DC;&#x10E9;&#x10D0;&#x10D5;&#x10D4;&#x10DA;&#x10D8;, &#x10D6;. &#x10E2;&#x10E7;&#x10D4;&#x10D1;&#x10E3;&#x10E9;&#x10D0;&#x10D5;&#x10D0; ].</subfield>
  </datafield>
  <datafield tag="264" ind1=" " ind2=" ">
    <subfield code="a">&#x10D7;&#x10D1;&#x10D8;&#x10DA;&#x10D8;&#x10E1;&#x10D8;,</subfield>
    <subfield code="c">2003.</subfield>
  </datafield>
  <datafield tag="300" ind1=" " ind2=" ">
    <subfield code="a">224 &#x10D2;&#x10D5;.:</subfield>
    <subfield code="b">15&#x10E4;. &#x10D8;&#x10DA;.;</subfield>
  </datafield>
  <datafield tag="653" ind1=" " ind2=" ">
    <subfield code="a">&#x10E1;&#x10D0;&#x10E0;&#x10D4;&#x10D5;&#x10D4;&#x10DA;&#x10D4;&#x10D1;&#x10D7;&#x10D0;&#x10DC; &#x10D1;&#x10E0;&#x10EB;&#x10DD;&#x10DA;&#x10D0;; &#x10E1;&#x10D0;&#x10E1;&#x10DD;&#x10E4;&#x10DA;&#x10DD;-&#x10E1;&#x10D0;&#x10DB;&#x10D4;&#x10E3;&#x10E0;&#x10DC;&#x10D4;&#x10DD; &#x10DB;&#x10EA;&#x10D4;&#x10DC;&#x10D0;&#x10E0;&#x10D4;&#x10D7;&#x10D0; &#x10D9;&#x10D0;&#x10E0;&#x10D0;&#x10DC;&#x10E2;&#x10D8;&#x10DC;&#x10D8;</subfield>
  </datafield>
  <datafield tag="653" ind1=" " ind2=" ">
    <subfield code="a">&#x10E1;&#x10DD;&#x10E4;&#x10DA;&#x10D8;&#x10E1; &#x10DB;&#x10D4;&#x10E3;&#x10E0;&#x10DC;&#x10D4;&#x10DD;&#x10D1;&#x10D0;</subfield>
  </datafield>
  <datafield tag="700" ind1=" " ind2=" ">
    <subfield code="a">&#x10D1;&#x10E3;&#x10D0;&#x10E9;&#x10D8;&#x10EB;&#x10D4;, &#x10D0;&#x10E1;&#x10DB;&#x10D0;&#x10D7;</subfield>
    <subfield code="e">&#x10D0;&#x10D5;&#x10E2;&#x10DD;&#x10E0;&#x10D8;</subfield>
    <subfield code="9">14628</subfield>
  </datafield>
  <datafield tag="700" ind1=" " ind2=" ">
    <subfield code="a">&#x10E2;&#x10D0;&#x10D1;&#x10D0;&#x10E2;&#x10D0;&#x10EB;&#x10D4;,&#x10D7;&#x10D4;&#x10DC;&#x10D2;&#x10D8;&#x10D6;</subfield>
    <subfield code="e">&#x10D0;&#x10D5;&#x10E2;&#x10DD;&#x10E0;&#x10D8;</subfield>
    <subfield code="9">14629</subfield>
  </datafield>
  <datafield tag="942" ind1=" " ind2=" ">
    <subfield code="c">BK</subfield>
    <subfield code="2">udc</subfield>
  </datafield>
  <datafield tag="952" ind1=" " ind2=" ">
    <subfield code="0">0</subfield>
    <subfield code="1">0</subfield>
    <subfield code="2">udc</subfield>
    <subfield code="4">0</subfield>
    <subfield code="6">632516329131_&#x10D1;35</subfield>
    <subfield code="7">0</subfield>
    <subfield code="9">33585</subfield>
    <subfield code="a">CPL</subfield>
    <subfield code="b">CPL</subfield>
    <subfield code="c">GEN</subfield>
    <subfield code="d">2018-12-17</subfield>
    <subfield code="g">7.00</subfield>
    <subfield code="o">632.51+632.913.1 &#x10D1;&#x2013;35</subfield>
    <subfield code="p">2786</subfield>
    <subfield code="r">2018-12-17</subfield>
    <subfield code="t">2786</subfield>
    <subfield code="w">2018-12-17</subfield>
    <subfield code="y">BK</subfield>
    <subfield code="z">7 &#x10DA;.</subfield>
  </datafield>
</record>
